ولى، فن و شخصىت اور كلام / Walī, fann wa shak̲h̲ṣiyyat aur kalām / (Record no. 85559)
[ view plain ]
| 000 -LEADER | |
|---|---|
| fixed length control field | 00816naa a2200217 a 4500 |
| 001 - CONTROL NUMBER | |
| control field | 85559 |
| 003 - CONTROL NUMBER IDENTIFIER | |
| rucl marc code | BD-RjUL |
| 005 - DATE AND TIME OF LATEST TRANSACTION | |
| control field | 20250825101730.0 |
| 008 - FIXED-LENGTH DATA ELEMENTS--GENERAL INFORMATION | |
| fixed length control field | 250825s1979 pk ||||| |||| 00| 0 urd d |
| 035 ## - SYSTEM CONTROL NUMBER | |
| System control number | (BD-RjUL)85559 |
| 040 ## - CATALOGING SOURCE | |
| Original cataloging agency | BD-RjUL |
| Language of cataloging | eng |
| Transcribing agency | BD-RjUL |
| 041 ## - LANGUAGE CODE | |
| Language code of text/sound track or separate title | urd |
| 082 ## - DEWEY DECIMAL CLASSIFICATION NUMBER | |
| Edition number | 23 |
| Classification number | 891.4391092 |
| Author mark and year | AHW 1979 |
| 100 ## - MAIN ENTRY--PERSONAL NAME | |
| Personal name | ساحل , احمد۔ ;;; Aḥmad,Sāḥil |
| 9 (RLIN) | 16639 |
| 245 ## - TITLE STATEMENT | |
| Title | ولى، فن و شخصىت اور كلام / Walī, fann wa shak̲h̲ṣiyyat aur kalām / |
| Statement of responsibility, etc. | ساحل احمد۔, Sāḥil Aḥmad |
| 260 ## - PUBLICATION, DISTRIBUTION, ETC. (IMPRINT) | |
| Place of publication, distribution, etc. | Elahabad : |
| Name of publisher, distributor, etc. | Urdū Rāʼiṭars Gilḍ ;;; . اردو رائٹرس گلڈ , |
| Date of publication, distribution, etc. | 1979 |
| 300 ## - PHYSICAL DESCRIPTION | |
| Pagination | 208 p. ; |
| Size | 17 cm |
| 650 ## - SUBJECT ADDED ENTRY--TOPICAL TERM | |
| Topical term or geographic name as entry element | Urdu Poets, |
| Form subdivision | Biographies Poets, |
| Chronological subdivision | 1700-1799 |
| 9 (RLIN) | 16640 |
| Topical term or geographic name as entry element | Urdu Poets, Urdu |
| Chronological subdivision | 18th century Biography |
| 9 (RLIN) | 16641 |
| 942 ## - ADDED ENTRY ELEMENTS (KOHA) | |
| Source of classification or shelving scheme | Dewey Decimal Classification |
| Koha item type | Books |
| Lost status | Source of classification or shelving scheme | Damaged status | Not for loan | Collection code | Permanent Location | Current Location | Shelving location | Date acquired | Source of acquisition | Cost, normal purchase price | Total Checkouts | Full call number | Date last seen | Copy number | Koha item type |
|---|---|---|---|---|---|---|---|---|---|---|---|---|---|---|---|
| Dewey Decimal Classification | Not For Loan | Non-fiction | Central Library, University of Rajshahi | Central Library, University of Rajshahi | Reading Room | 25/01/1985 | asiatic throght tulip calcatta | 15.00 | U 891.4391092 AHW 1979 | 25/08/2025 | C-1 | Books |